[Event "Sportland NRW-Cup"]
[Site "Muenster"]
[Date "1993.??.??"]
[Round "7"]
[White "Kindermann, Stefan"]
[Black "Bosboom, Manuel"]
[Result "1-0"]
[WhiteElo "2520"]
[BlackElo "2440"]

1.e4 c5 2.Nf3 e6 3.d4 cxd4 4.Nxd4 a6 5.Bd3 Nf6 6.O-O Qc7 7.Qe2 d6 8.f4 g6
9.f5 gxf5 10.exf5 e5 11.Bg5 Be7 12.Kh1 Nc6 13.Nb3 Nb4 14.Nc3 Nbd5 15.Nxd5 Nxd5
16.f6 Bf8 17.c4 Nb4 18.Be4 Be6 19.Nd2 O-O-O 20.Be3 Kb8 21.Qf2 Qd7 22.a3 d5
23.cxd5 Nxd5 24.Ba7+ Ka8 25.Nc4 Qb5 26.Rac1 Ne3 27.Nxe3 Kxa7 28.Nd5+ Kb8
29.Nc7 Qa4 30.Qb6 Qxe4 31.Nxa6+ Ka8 32.Qxd8+ Ka7 33.Nc7 Bh3 34.Qd2 Kb8 35.Rf3 Bh6
36.Qxh6 Bxg2+ 37.Kxg2 Qe2+  1-0

[Event "Muenster op"]
[Site "Muenster"]
[Date "1993.??.??"]
[Round "8"]
[White "Torres Kuckel, Rafael"]
[Black "Tjiam, Dharma"]
[Result "0-1"]
[WhiteElo "2165"]
[BlackElo "2290"]

1.e4 c5 2.Nf3 e6 3.d4 cxd4 4.Nxd4 a6 5.Bd3 Nf6 6.O-O Qc7 7.Kh1 Bc5 8.Nb3 Be7
9.Nc3 d6 10.Qf3 Nbd7 11.Qg3 g6 12.f4 b5 13.a3 Bb7 14.Bd2 Nb6 15.Rae1 Nc4
16.Bc1 h5 17.Nd4 Qc5 18.Nf3 Ng4 19.f5 O-O-O 20.fxe6 fxe6 21.Bxc4 bxc4 22.b3 Kb8
23.Nd1 Rdg8 24.c3 Bc8 25.Ne3 h4 26.Nxh4 Nxe3  0-1

[Event "Munich op9293"]
[Site "Munich"]
[Date "1993.??.??"]
[Round "1"]
[White "Landenbergue, Claude"]
[Black "Tagnon, Nicole"]
[Result "1-0"]
[WhiteElo "2390"]
[BlackElo "2130"]

1.e4 c5 2.Nf3 e6 3.d4 cxd4 4.Nxd4 a6 5.Bd3 Nf6 6.O-O Qc7 7.Kh1 d5 8.Nc3 dxe4
9.Nxe4 Nxe4 10.Bxe4 Bd7 11.Qf3 Nc6 12.c3 Bd6 13.Be3 O-O 14.Rad1 Ne5 15.Qh5 f5
16.Bc2 Ng4 17.Bb3 Kh8 18.Bxe6 Be8 19.Qh3 g6 20.Nb3 Nxe3 21.Qxe3 Bc6 22.Rfe1 Be7
23.Bd5 Bf6 24.Qc5 Rac8 25.Bxc6 Qxc6 26.Qxc6 Rxc6 27.Rd7 b6 28.g3 Rd8 29.Rxd8+ Bxd8  1-0

[Event "Munich op9293"]
[Site "Munich"]
[Date "1993.??.??"]
[Round "8"]
[White "Landenbergue, Claude"]
[Black "Lau, Ralf"]
[Result "1/2-1/2"]
[WhiteElo "2390"]
[BlackElo "2520"]

1.e4 c5 2.Nf3 e6 3.d4 cxd4 4.Nxd4 a6 5.Bd3 Bc5 6.Nb3 Ba7 7.Qe2 Nc6 8.Be3 d6
9.Nc3 Nf6 10.g4 O-O 11.g5 Ne8 12.O-O-O b5 13.h4 b4 14.Nb1 Qc7 15.h5 Ne5 16.f4 Nxd3+
17.Qxd3 Bxe3+ 18.Qxe3 Bb7 19.Nd4 Rc8 20.Rh2 Qc5 21.Qe1 Qc4 22.g6 Nc7 23.gxh7+ Kxh7
24.b3 Qc5 25.Rg2 Ne8 26.Nf3 Kh8 27.Rd4 a5 28.Rc4 Qb6 29.Rxc8 Bxc8 30.Nbd2 Ba6
31.Qh4 Qc7 32.f5 exf5 33.exf5 Bd3 34.Nd4 d5 35.Qg5 Qc3 36.Qe7 Rg8 37.Qe5 Qa1+
38.Nb1 Be4 39.Rd2 Nf6 40.h6 Ng4 41.hxg7+ Rxg7 42.Qd6 Kh7 43.Rh2+ Nxh2 44.Qxh2+ Kg8
45.Qb8+  1/2-1/2

[Event "Nagykanizsa op"]
[Site "Nagykanizsa"]
[Date "1993.??.??"]
[Round "8"]
[White "Grabics, Monika"]
[Black "Marosi, Csaba"]
[Result "1-0"]
[WhiteElo "2245"]
[BlackElo "2270"]

1.e4 c5 2.Nf3 e6 3.d4 cxd4 4.Nxd4 a6 5.Bd3 Nf6 6.O-O Qc7 7.Qe2 d6 8.c4 b6
9.Nc3 Bb7 10.Kh1 Nbd7 11.f4 Be7 12.b3 O-O 13.Bb2 Rfe8 14.Rae1 Rad8 15.f5 e5
16.Nc2 Nc5 17.Rf3 Qb8 18.g4 Nxg4 19.Rg1 Nf6 20.Qg2 g6 21.Rh3 Nxd3 22.Rxd3 Nh5
23.Bc1 Kh8 24.Rh3 Rg8 25.Qf2 Nf6 26.Qh4 gxf5 27.Bg5 Rxg5 28.Rxg5 Rg8 29.Rhg3 Qd8
30.Rxg8+ Nxg8 31.Qh5 f4 32.Rg2 Qf8 33.Nd5 Nf6 34.Nxf6 Bxf6 35.Qf3 Qa8 36.Re2 a5
37.Na3 Be7 38.Nb5 f5 39.Nc3 fxe4 40.Nxe4 d5 41.cxd5 Bxd5 42.Kg1 Bc5+ 43.Kf1 Qc6
44.Qh5 Bd4 45.Qf5 Qh6 46.Nf6 Bb7 47.Rc2 Qh4 48.Rc8+ Bxc8 49.Qxc8+ Kg7 50.Qg8+ Kh6
51.Qxh7+ Kg5 52.Ne4+ Kg4 53.Qg6+  1-0

[Event "Maccabiah"]
[Site "Netanya"]
[Date "1993.??.??"]
[Round "5"]
[White "Stisis, Yaacov"]
[Black "Oratovsky, Michael"]
[Result "1/2-1/2"]
[WhiteElo "2350"]
[BlackElo "2420"]

1.e4 c5 2.Nf3 e6 3.d4 cxd4 4.Nxd4 a6 5.Bd3 g6 6.O-O Bg7 7.Nf3 Ne7 8.c4 O-O
9.Nc3 Nbc6 10.Bg5 h6 11.Bf4 d5 12.exd5 exd5 13.c5 b6 14.cxb6 Qxb6 15.Qd2 Bg4
16.Na4 Qd8 17.Bxh6 Bxh6 18.Qxh6 Bxf3 19.gxf3 Ne5 20.Qe3 Qd6 21.Rfe1 Nxd3
22.Qxd3 Rab8 23.a3 Nf5 24.Nc3 d4 25.Ne4 Qf4 26.Ng3 Rxb2 27.Re4 Qd2 28.Qxd2 Rxd2
29.Nxf5 gxf5 30.Ree1 Rc8 31.Red1 Rcc2 32.Rxd2 Rxd2 33.Rb1 Rd3 34.a4 Rxf3
35.Rb6 Ra3 36.Rxa6  1/2-1/2

[Event "Neuwied op"]
[Site "Neuwied"]
[Date "1993.??.??"]
[Round "2"]
[White "Maahs, Erich"]
[Black "Conquest, Stuart"]
[Result "0-1"]
[WhiteElo "2280"]
[BlackElo "2495"]

1.e4 c5 2.Nf3 e6 3.d4 cxd4 4.Nxd4 a6 5.Bd3 Bc5 6.Nb3 Ba7 7.Qe2 Nc6 8.Be3 Nge7
9.Bxa7 Rxa7 10.Nc3 d6 11.Qe3 O-O 12.f4 b5 13.a4 b4 14.Ne2 e5 15.O-O Bg4 16.Ng3 exf4
17.Rxf4 Be6 18.Nf5 Bxf5 19.exf5 Nd5 20.Qf3 Nxf4 21.Qxf4 Qf6 22.Rd1 Re8 23.Bc4 Re5
24.g4 h5 25.h3 Rae7 26.Bxa6 hxg4 27.hxg4 Re4 28.Qf3 Qh4 29.Rd2 Rxg4+ 30.Rg2 Re1+
31.Bf1 Rf4  0-1

[Event "USA-chJ New York"]
[Site "New York"]
[Date "1993.??.??"]
[Round "?"]
[White "Shaked, Tal"]
[Black "Kreiman, Boris"]
[Result "0-1"]
[WhiteElo "2440"]
[BlackElo "2400"]

1.e4 c5 2.Nf3 e6 3.d4 cxd4 4.Nxd4 a6 5.Bd3 Qc7 6.O-O Nf6 7.Qe2 d6 8.c4 Be7
9.Nc3 O-O 10.Be3 b6 11.Rac1 Re8 12.Bb1 Bf8 13.b3 g6 14.Rfd1 Bb7 15.f3 Nbd7
16.Qf2 Rac8 17.Nde2 Qb8 18.g4 e5 19.Ng3 Nc5 20.b4 Ne6 21.Na4 b5 22.Nb6 Rc7
23.cxb5 axb5 24.Bd3 Nf4 25.Bf1 d5 26.g5 Nd7 27.Rxc7 Qxc7 28.exd5 Nxb6 29.Bxb6 Qd7
30.Ne4 Bg7 31.d6 Bxe4  0-1

[Event "New York op"]
[Site "New York"]
[Date "1993.??.??"]
[Round "3"]
[White "Dranov, Aleksandar"]
[Black "Lein, Anatoly"]
[Result "1/2-1/2"]
[WhiteElo "2340"]
[BlackElo "2460"]

1.e4 c5 2.Nf3 e6 3.d4 cxd4 4.Nxd4 a6 5.Bd3 Bc5 6.Nb3 Ba7 7.O-O Nc6 8.Qe2 d6
9.c4 Nge7 10.Be3 O-O 11.Nc3 Na5 12.Bxa7 Rxa7 13.Qe3 Ra8 14.Nd4 Bd7 15.Be2 Rc8
16.b3 Qc7 17.Rac1 Rfd8 18.Rfd1 Ng6 19.h4 h6 20.h5 Ne7 21.Qg3 Nac6 22.Nxc6 Bxc6
23.Rd4 e5 24.Rd2 f5 25.Rcd1 Rd7 26.Qh3 Rf8 27.Bd3 fxe4 28.Bxe4 Bxe4 29.Nxe4 Nf5
30.c5 Qc6 31.Nxd6 Nd4 32.Re1 Rf3 33.Qg4 Rf4 34.Qg6 Re7 35.Nf5 Rxf5 36.Rxd4 Qxc5
37.Qxf5 Qxd4 38.Rc1 Re8 39.Rc7 Rf8 40.Qc2 Qa1+ 41.Kh2 Qd4 42.Rxg7+  1/2-1/2

[Event "New York op"]
[Site "New York"]
[Date "1993.??.??"]
[Round "8"]
[White "Dranov, Aleksandar"]
[Black "Urday, Henry"]
[Result "1/2-1/2"]
[WhiteElo "2340"]
[BlackElo "2465"]

1.e4 c5 2.Nf3 e6 3.d4 cxd4 4.Nxd4 a6 5.Bd3 Nf6 6.O-O Qc7 7.Qe2 d6 8.c4 g6
9.Nc3 Bg7 10.Be3 Nbd7 11.Rac1 O-O 12.Rfd1 Ne5 13.f3 b6 14.b3 Bb7 15.Qf2 Rfd8
16.Bf1 Rac8 17.Kh1 Ned7 18.Nde2 Ba8 19.Qg3 Bf8 20.Qf2 Qb8 21.Nd4 Rc7 22.Bg5 Rdc8
23.Na4 Rb7 24.Nc3 Rbc7 25.Na4 Rb7  1/2-1/2

[Event "New York Marshall CC"]
[Site "New York"]
[Date "1993.??.??"]
[Round "8"]
[White "Vulicevic, Nenad"]
[Black "Ginsburg, Mark"]
[Result "1/2-1/2"]
[WhiteElo "2320"]
[BlackElo "2405"]

1.e4 c5 2.Nf3 e6 3.d4 cxd4 4.Nxd4 a6 5.Bd3 Nf6 6.O-O Qc7 7.c4 d6 8.Nc3 Nbd7
9.Re1 Be7 10.Kh1 O-O 11.f4 b6 12.Qe2 g6 13.Bd2 Bb7 14.Rac1 Rfe8 15.b4 Rac8
16.a3 Qb8 17.Qf3 Bf8 18.Qh3 Bg7 19.Nf3 Qa8 20.Ng5 h5 21.Qg3 Nh7 22.Nxh7 Kxh7
23.e5 Qb8 24.Rf1 dxe5 25.fxe5 Qxe5 26.Bf4 Qf6 27.Bg5 Qe5 28.Bf4 Qf6 29.Bg5 Qe5  1/2-1/2

[Event "Nis op"]
[Site "Nis"]
[Date "1993.??.??"]
[Round "?"]
[White "Marjanovic, Slavoljub"]
[Black "Tosic, Miroslav"]
[Result "1/2-1/2"]
[WhiteElo "2445"]
[BlackElo "2465"]

1.e4 c5 2.Nf3 e6 3.d4 cxd4 4.Nxd4 a6 5.Bd3 Nf6 6.O-O d6 7.c4 g6 8.Nc3 Bg7
9.Be3 O-O 10.Be2 Nbd7 11.Qd2 Nc5 12.f3 Re8 13.Rad1 Qc7 14.Nc2 Bf8 15.Bf4 Qb6
16.Kh1 Nh5 17.Be3 Qc7 18.g4 Nf6 19.Bf4 e5 20.Bg5 Nfd7 21.Nd5 Qb8 22.Bh6 Ne6
23.Bxf8 Nexf8 24.Qh6 b6 25.Nce3 Bb7 26.Nf5 gxf5 27.gxf5 Bxd5 28.Rxd5 Ng6
29.Rfd1 Re7 30.fxg6 hxg6 31.Rxd6 Qc7 32.c5 b5 33.b4 Nf8 34.Rg1 Re6 35.Rg3 Qe7
36.Rh3 Qf6 37.Rxe6 fxe6 38.Rg3 Ra7 39.Qg5 Kg7 40.Qxf6+ Kxf6 41.Rg1 g5 42.a4 Ng6
43.Ra1 Rd7 44.axb5 axb5 45.Bxb5 Rd2 46.c6 Nh4 47.Rf1 Ke7 48.Ba4 Kd6 49.Rd1 Nxf3
50.Rxd2+ Nxd2 51.b5 Kc7 52.Bc2 Nf3 53.h3 Kb6 54.Bd3 Kc7 55.Bf1 Nd2 56.Bg2 Nc4
57.Kh2 Nd6 58.Kg3 Nxb5 59.Kg4 Kxc6 60.Kxg5 Kd7 61.Kf6 Ke8 62.Kg7 Nd6 63.h4 Ke7
64.h5 Ne8+ 65.Kg6 Kf8 66.Bh3 Kg8 67.Bxe6+ Kh8 68.Kf5 Nd6+ 69.Kxe5 Nxe4  1/2-1/2

[Event "Odense"]
[Site "Odense"]
[Date "1993.??.??"]
[Round "7"]
[White "Hansen, Morten"]
[Black "Sogaard, Soren"]
[Result "1-0"]
[WhiteElo "2010"]
[BlackElo "2280"]

1.e4 c5 2.Nf3 e6 3.d4 cxd4 4.Nxd4 a6 5.Bd3 Qc7 6.O-O d6 7.c4 Nf6 8.Nc3 b6
9.Qe2 Bb7 10.f4 Nbd7 11.f5 e5 12.Nc2 Nc5 13.Bg5 Nxd3 14.Qxd3 Qc5+ 15.Be3 Qc7
16.Nd5 Bxd5 17.cxd5 Be7 18.Rfc1 O-O 19.Nb4 Qb7 20.Rc6 Nd7 21.Rc3 Nc5 22.Bxc5 dxc5
23.Nc6 f6 24.a4 Bd6 25.b3 b5 26.Qd1 Qb6 27.Kh1 c4 28.bxc4 b4 29.a5 Qf2 30.Rf3 Qh4
31.Qe1 Qg4 32.Rg3 Qf4 33.Rf3 Qg4 34.Rb1 Rac8 35.h3 Qh5 36.Qf2 Qf7 37.c5 Rxc6
38.dxc6 Bc7 39.Rxb4 Bxa5 40.Ra4  1-0

[Event "Odorheiu Secuiesc op"]
[Site "Odorheiu Secuiesc"]
[Date "1993.??.??"]
[Round "8"]
[White "Milu, Romeo Sorin"]
[Black "Vajda, Levente"]
[Result "1-0"]
[WhiteElo "2410"]
[BlackElo "2105"]

1.e4 c5 2.Nf3 e6 3.d4 cxd4 4.Nxd4 a6 5.Bd3 Nc6 6.Nxc6 dxc6 7.O-O e5 8.Nd2 Nf6
9.a4 Bg4 10.Qe1 Bc5 11.Nc4 Qe7 12.h3 Bh5 13.Bg5 h6 14.Be3 Nd7 15.a5 f6 16.Bd2 Bf7
17.b4 Bd4 18.c3 Ba7 19.Ne3 Bxe3 20.Qxe3 g5 21.Bc1 Be6 22.Ba3 Qf7 23.Qe2 Rg8
24.Kh2 Nf8 25.g3 h5 26.Rfd1 Ng6 27.Bc2 Rh8 28.Qd2 Bxh3 29.Kxh3 Qe6+ 30.Kh2 h4
31.g4 Qxg4 32.Rg1 Qe6 33.Qe2 Rd8 34.Bc1 Nf4 35.Bxf4 exf4 36.e5 Rd5 37.Bg6+ Kf8
38.Rae1 Rxe5 39.Qd1 f3 40.Qd4 Re2 41.Rxg5 Qe7 42.Reg1 Rg8 43.Rf5 Re6 44.Rxf3  1-0

[Event "Odorheiu Secuiesc op"]
[Site "Odorheiu Secuiesc"]
[Date "1993.??.??"]
[Round "10"]
[White "Bach, Adrian"]
[Black "Vajda, Szidonia"]
[Result "1/2-1/2"]
[WhiteElo "2345"]
[BlackElo "2140"]

1.e4 c5 2.Nf3 e6 3.d4 cxd4 4.Nxd4 a6 5.Bd3 Nf6 6.O-O Qc7 7.Qe2 d6 8.c4 Be7
9.b3 O-O 10.Bb2 Nbd7 11.Nd2 b6 12.Rae1 Bb7 13.f4 Nc5 14.Bc2 Rad8 15.e5 Ne8
16.Qh5 g6 17.Qh6 dxe5 18.fxe5 Ng7 19.Re3 Rxd4 20.Bxd4 Qd8 21.Bc3 Bg5 22.Qh3 Bxe3+
23.Qxe3 Qc7 24.b4 Nd7 25.Rf4 Rd8 26.Be4 Bxe4 27.Nxe4 Nh5 28.Rf1 Qxc4 29.g4 Ng7
30.Rd1 Qc7 31.Qd2 Kf8 32.Nf6 Ke7 33.Qg5 Kf8 34.Qd2 Ke7 35.Nxh7 Ke8 36.Nf6+ Nxf6
37.Qxd8+ Qxd8 38.Rxd8+ Kxd8 39.exf6 Ne8 40.h4 Nd6 41.h5 gxh5 42.gxh5 Ne4
43.h6 Ng5 44.Kf2 Kd7 45.Ke3 Kc6 46.Kf4 Nh7 47.Ke5 b5 48.Bd4 Nf8 49.Bb2 Nh7
50.Bc3 Nf8 51.Bd4 Nh7 52.Bc5 Kd7 53.Be7 Kc6 54.Ke4 Ng5+ 55.Kf4 Nh7 56.Ke5 Ng5  1/2-1/2

[Event "Orange op"]
[Site "Orange"]
[Date "1993.??.??"]
[Round "?"]
[White "Olivier, Jean Christophe"]
[Black "Vaisman, Volodia"]
[Result "1/2-1/2"]
[WhiteElo "2225"]
[BlackElo "2375"]

1.e4 e6 2.d4 c5 3.Nf3 cxd4 4.Nxd4 a6 5.Bd3 Bc5 6.Nb3 Ba7 7.Qe2 Nc6 8.Be3 d6
9.Bxa7 Rxa7 10.Nc3 Nf6 11.f4 e5 12.f5 b5 13.O-O Ne7 14.a3 Bb7 15.Nc1 Ra8
16.N1a2 h5 17.Rad1 Qb6+ 18.Qf2 Nc8 19.Qxb6 Nxb6 20.Rfe1 Ke7 21.Bf1 Rac8 22.Re2 Rhd8
23.g3 Nc4 24.Rb1 h4 25.Bg2 Rh8 26.a4 bxa4 27.Nxa4 Bc6 28.N4c3 hxg3 29.hxg3 a5
30.b3 Nb6 31.Rd1 Rhd8 32.Red2 Rb8 33.Bf3 g5 34.fxg6 fxg6 35.Rd3 g5 36.R3d2 Rd7
37.Rh2 Rdd8 38.Rh6 Nbd7 39.Bg2 Rh8 40.Rxh8 Rxh8 41.Re1 Nc5 42.b4 axb4 43.Nxb4 Rc8
44.Ncd5+ Bxd5 45.exd5 Ra8 46.Rxe5+ dxe5 47.d6+ Kxd6 48.Bxa8 Ne6 49.Bf3 Kc5
50.Na2 Nd4 51.Bd1 Ne4 52.Kg2 Kc4 53.Bh5 Nd6 54.Bd1 e4 55.c3 N4f5 56.Kh3 Ne3
57.Be2+ Kb3 58.Nb4 Kxc3 59.Nc6 Kd2 60.Nd4 Nef5 61.Nxf5 Nxf5 62.Ba6 Nh6 63.Kg2 g4
64.Bb5 e3 65.Kf1 Nf5 66.Ba6 Nxg3+ 67.Kg2 e2 68.Bxe2 Nxe2 69.Kf2 Kd3 70.Kg2 Ke3  1/2-1/2

[Event "Osijek"]
[Site "Osijek"]
[Date "1993.??.??"]
[Round "4"]
[White "Lau, Ralf"]
[Black "Horvath, Csaba"]
[Result "1/2-1/2"]
[WhiteElo "2510"]
[BlackElo "2495"]

1.e4 c5 2.Nf3 e6 3.d4 cxd4 4.Nxd4 a6 5.Bd3 Nf6 6.O-O Qc7 7.Nc3 Bc5 8.Nb3 Be7
9.f4 d6 10.a4 O-O 11.Kh1 b6 12.Qf3 Bb7 13.Bd2 Nbd7 14.Rae1 Nc5 15.Qh3 Nxd3
16.cxd3 e5 17.Rc1 Qd7 18.Qe3 Bd8 19.Be1 Rc8 20.Bg3 Nh5 21.fxe5 Nxg3+ 22.Qxg3 dxe5
23.Nd2 b5 24.axb5 axb5 25.Qxe5 Qxd3 26.Nf3 Bf6 27.Qxb5 Bxe4 28.Qxd3 Bxd3
29.Rfd1 Bc4 30.Nd2 Be6 31.Nde4 Be5 32.g3 h6 33.Kg2 Rc4 34.Rd2 Rb8 35.Nf2 g5
36.Nd3 Rd4 37.Ne2 Rd6 38.Re1 Bd5+ 39.Kf2 Rf6+ 40.Kg1 Bc7 41.Nc5 Bc6 42.Nd4 Ba5
43.b4 Bxb4 44.Rb2 Kg7 45.Rd1 Rb6 46.Rc2 Bxc5 47.Rxc5 Kg6 48.Nxc6 Rfxc6 49.Rdc1 Rxc5
50.Rxc5 Rb1+ 51.Kg2 Rb2+ 52.Kg1 h5 53.h3 f6 54.Ra5 Rc2 55.Rb5 Ra2 56.Rc5 Kf7
57.Rc6 Kg6 58.Rc5 Kf7 59.Rc7+ Ke6 60.Rc5 Rb2 61.Ra5 Rb4 62.Kg2 h4 63.g4 Rb2+
64.Kg1 Kf7 65.Ra6 Rd2 66.Rb6 Ke7 67.Ra6 Rd3 68.Kg2 Rg3+ 69.Kh2 Re3 70.Kg2 Re2+
71.Kg1 Re6 72.Rxe6+ Kxe6 73.Kf2 Kd5 74.Kf3 Kd4 75.Kf2 Ke4 76.Ke2 Kd4 77.Kf2 Ke4  1/2-1/2

[Event "Ostend op"]
[Site "Ostend"]
[Date "1993.??.??"]
[Round "7"]
[White "Robovic, Saudin"]
[Black "Lau, Ralf"]
[Result "0-1"]
[WhiteElo "2360"]
[BlackElo "2510"]

1.e4 c5 2.Nf3 e6 3.d4 cxd4 4.Nxd4 a6 5.Bd3 Nf6 6.O-O Qc7 7.Qe2 d6 8.c4 g6
9.Nc3 Bg7 10.Be3 O-O 11.Rac1 Nbd7 12.Rfd1 b6 13.f3 Bb7 14.Qf2 Rac8 15.Bf1 Qb8
16.Kh1 Rfe8 17.Nc2 Ba8 18.Na3 Bf8 19.Qh4 Nh5 20.Rc2 Be7 21.Bg5 f6 22.Qh3 Ng7
23.Bh6 Bf8 24.Rcd2 Bb7 25.Nc2 Rc5 26.Be3 Rc7 27.Qh4 g5 28.Qf2 Bc8 29.h4 gxh4
30.Qxh4 Ne5 31.Na3 Ng6 32.Qf2 Rb7 33.f4 f5 34.g3 Rf7 35.Bg2 e5 36.exf5 Nxf5
37.Ne4 Nxe3 38.Qxe3 Bb7 39.f5 Rxf5 40.Nxd6 Rh5+ 41.Kg1 Bxd6 42.Rxd6 Bxg2
43.Kxg2 Qb7+ 44.R1d5 Ne7 45.Qe4 Nxd5 46.cxd5 Qc8 47.Re6 Rxe6 48.Qg4+ Kh8
49.Qxh5 Rf6 50.Qxe5 Qf5 51.Qb8+ Rf8  0-1

[Event "WchT U26"]
[Site "Paranana"]
[Date "1993.??.??"]
[Round "?"]
[White "Hernandez, Gilberto"]
[Black "Disconzi da Silva, Rodrigo"]
[Result "1-0"]
[WhiteElo "2510"]
[BlackElo "2340"]

1.e4 c5 2.Nf3 e6 3.d4 cxd4 4.Nxd4 a6 5.Bd3 Nf6 6.O-O Qc7 7.Qe2 d6 8.c4 g6
9.Nc3 Bg7 10.Nf3 O-O 11.Bf4 Nc6 12.Rac1 Nd7 13.Rfd1 Nde5 14.Qe3 Qe7 15.Be2 f6
16.Na4 Nxf3+ 17.Qxf3 e5 18.Nb6 Rb8 19.Be3 Nd4 20.Bxd4 exd4 21.Qd3 f5 22.Nxc8 Rbxc8
23.exf5 Rce8 24.Bg4 Qh4 25.Qg3 Qxg3 26.hxg3 gxf5 27.Bf3 Re7 28.Rd3 Bf6 29.Kf1 Rc8
30.Re1 Kf8 31.Rxe7 Kxe7 32.Bxb7 Rxc4 33.Bxa6 Ra4 34.Bc8 Rxa2 35.Bxf5 h6 36.b3 d5
37.Rd1 Kd6 38.b4 Rb2 39.Rb1 Rxb1+ 40.Bxb1 Kc6 41.Bd3 Be7 42.b5+ Kc5 43.Ke2 Bd8
44.Kd1 Bc7 45.f4 Bd6 46.Ke2 Bc7 47.Kf3 Bd8 48.g4 Be7 49.g5 hxg5 50.fxg5 Bxg5
51.Kg4 Bd8 52.Kf5 Kb4 53.g4 Kc3 54.Bf1 d3 55.g5 d2 56.Be2 Kb4 57.g6  1-0

[Event "Pardubice op"]
[Site "Pardubice"]
[Date "1993.??.??"]
[Round "1"]
[White "Shmuter, Leonid"]
[Black "Janjgava, Natia"]
[Result "1-0"]
[WhiteElo "2455"]
[BlackElo "2230"]

1.e4 c5 2.Nf3 e6 3.d4 cxd4 4.Nxd4 a6 5.Bd3 Qc7 6.O-O Nc6 7.Nxc6 Qxc6 8.Nc3 d6
9.Be3 Nf6 10.a4 Be7 11.a5 O-O 12.f4 Bd7 13.Qf3 Rac8 14.g4 Be8 15.g5 Nd7 16.Qh3 Nc5
17.f5 Nxd3 18.cxd3 exf5 19.Nd5 Bd8 20.Qxf5 Qd7 21.Qf4 Rc2 22.Rf3 Qe6 23.Bd4 Qg6
24.Rg3 Qh5 25.Bf2 Bc6 26.Ne3 Rxb2 27.Nf5 f6 28.gxf6 Bxf6 29.Rf1 Re8 30.Nxg7 Bxg7
31.Rxg7+ Kh8 32.Bd4  1-0

[Event "Pardubice op"]
[Site "Pardubice"]
[Date "1993.??.??"]
[Round "1"]
[White "Stripunsky, Alexander"]
[Black "Efler, Lukas"]
[Result "1-0"]
[WhiteElo "2490"]
[BlackElo "2255"]

1.e4 c5 2.Nf3 e6 3.d4 cxd4 4.Nxd4 a6 5.Bd3 Nf6 6.O-O Qc7 7.Be3 Nc6 8.Nxc6 bxc6
9.c4 d6 10.Nc3 Be7 11.f4 O-O 12.Qf3 Rb8 13.b3 Nd7 14.Rac1 f5 15.h3 Rf7 16.Ne2 Nf8
17.c5 d5 18.exf5 exf5 19.Nd4 g6 20.Qf2 Bf6 21.Nf3 Ne6 22.Ng5 Nxg5 23.fxg5 Be5
24.Bf4 Rb4 25.Bxe5 Qxe5 26.Rce1 Qd4 27.Re8+ Rf8 28.Rxf8+ Kxf8 29.Qxd4 Rxd4
30.Rf3 Rb4 31.g3 a5 32.Rf4 Ke7 33.Kf2 Ke6 34.Ke3 Ke5 35.Rf1 Rd4 36.Re1 Re4+
37.Bxe4 fxe4 38.Rd1 Bxh3 39.a4 Bg4 40.Rd4 Bc8 41.b4 axb4 42.Rxb4 Ba6 43.a5 Bc4
44.Ra4 Bb5 45.a6 d4+ 46.Rxd4 Bxa6 47.Rxe4+ Kd5 48.Rh4 Bc8 49.Rxh7 Kxc5 50.Rf7 Kd5
51.Kf4 Ba6 52.Rg7 Bd3 53.Rd7+ Kc4 54.Ke5 Bc2 55.Rd4+ Kc3 56.Rf4 Kd3 57.Kd6  1-0

[Event "Pardubice op"]
[Site "Pardubice"]
[Date "1993.??.??"]
[Round "7"]
[White "Polzin, Rainer"]
[Black "Panchenko, Alexandar G"]
[Result "0-1"]
[WhiteElo "2380"]
[BlackElo "2515"]

1.e4 c5 2.Nf3 e6 3.d4 cxd4 4.Nxd4 a6 5.Bd3 Qc7 6.O-O Nf6 7.Qe2 b5 8.a4 b4
9.Nd2 Bb7 10.Nc4 d5 11.exd5 Bxd5 12.Bg5 Be7 13.Rae1 Ra7 14.a5 Nc6 15.Nxc6 Qxc6
16.Ne3 Be4 17.Bxe4 Qxe4 18.Bxf6 Bxf6 19.Ng4 Qxe2 20.Nxf6+ gxf6 21.Rxe2 Ke7
22.Re4 Rb7 23.Rc4 Rd8 24.Ra1 b3 25.g3 Rd2 26.cxb3 Rxb3 27.Rc7+ Kf8 28.Rc6 Rbxb2
29.Rf1 Ra2 30.Rxa6 Rd5 31.Ra8+ Kg7 32.a6 Rda5 33.Rc1 Rxa6 34.Rxa6 Rxa6 35.Rc7 Ra4
36.Kg2 f5 37.Kf3 h5 38.h4 Rg4 39.Rc5 f6 40.Rc7+ Kg6 41.Rc8 e5 42.Re8 Ra4
43.Rg8+ Kh7 44.Re8 Kg7 45.Kg2 f4 46.Rb8 Rc4 47.Ra8 Rb4 48.Rc8 Kg6 49.Rg8+ Kf5
50.Rf8 e4 51.gxf4 Rb6 52.Rh8 Rb2 53.Kg3 Rb3+ 54.Kg2 Kg4 55.Rh6 Rb6 56.Rh8 Rb2
57.Re8 Kxf4 58.Re6 f5 59.Re8 Kg4 60.Re5 Ra2 61.Kf1 Ra3 62.Ke2 Rf3 63.Re8 Rh3
64.Rg8+ Kf4 65.Rh8 Rxh4 66.Rh7 Rh2 67.Re7 h4 68.Re8 h3 69.Re7 Rg2 70.Rh7 h2
71.Rh4+ Kg5 72.Rh8 f4  0-1

[Event "Pardubice op"]
[Site "Pardubice"]
[Date "1993.??.??"]
[Round "7"]
[White "Socko, Bartosz"]
[Black "Tunik, Gennady"]
[Result "0-1"]
[WhiteElo "2325"]
[BlackElo "2490"]

1.e4 c5 2.Nf3 e6 3.d4 cxd4 4.Nxd4 a6 5.Bd3 b6 6.c4 Bb7 7.Nc3 Ne7 8.O-O Ng6
9.Kh1 Nc6 10.Nxc6 Bxc6 11.f4 Bc5 12.Rb1 O-O 13.b4 Be7 14.Be3 f5 15.b5 axb5
16.cxb5 Bb7 17.e5 Ra3 18.Rb3 Qa8 19.Rf2 Rc8 20.Rxa3 Qxa3 21.Na4 Be4 22.Nxb6 Rc7
23.Rc2 Rxc2 24.Qxc2 Bxd3 25.Qc8+ Kf7 26.Qxd7 Bxb5  0-1

[Event "Pinsk"]
[Site "Pinsk"]
[Date "1993.??.??"]
[Round "?"]
[White "Svistunov, K."]
[Black "Agrest, Evgenij"]
[Result "0-1"]
[WhiteElo "2490"]
[BlackElo "2465"]

1.e4 c5 2.Nf3 e6 3.d4 cxd4 4.Nxd4 a6 5.Bd3 d6 6.c4 Nd7 7.Nc3 Ngf6 8.Be3 b6
9.Rc1 Bb7 10.f3 g6 11.O-O Bg7 12.Re1 O-O 13.Bf1 Qc7 14.Qd2 Rfe8 15.Qf2 Rac8
16.b4 Qb8 17.Nb3 b5 18.c5 dxc5 19.bxc5 Ba8 20.Red1 Ne5 21.Rd6 Rc6 22.Rxc6 Nxc6
23.Ne2 Nd7 24.Ned4 Nde5 25.Nxc6 Nxc6 26.Nd4 Rd8 27.Nxc6 Bxc6 28.Qe1 Be5 29.g3 Bd4
30.Bxd4 Rxd4 31.Rd1 Qd8 32.Rxd4 Qxd4+ 33.Qf2 Qc3 34.Kg2 a5 35.h4 h5 36.Kh3 b4
37.Qe2 Qxc5 38.Qc4 Qxc4 39.Bxc4 Kf8 40.g4 Ke7 41.Kg3 hxg4 42.Kxg4 e5 43.h5 Bd7+  0-1

[Event "Pinsk"]
[Site "Pinsk"]
[Date "1993.??.??"]
[Round "?"]
[White "Ginsburg, Gennadij"]
[Black "Berezjuk, Sergej"]
[Result "1-0"]
[WhiteElo "2435"]
[BlackElo "2435"]

1.e4 c5 2.Nf3 e6 3.d4 cxd4 4.Nxd4 a6 5.Bd3 Bc5 6.Nb3 Ba7 7.Qe2 Nc6 8.Be3 Bxe3
9.Qxe3 Nge7 10.Nc3 O-O 11.Rd1 d5 12.Be2 Qc7 13.exd5 exd5 14.O-O Bf5 15.Bd3 Bg4
16.f3 Be6 17.Ne2 Rad8 18.c3 Rfe8 19.Ned4 Nxd4 20.Nxd4 Nf5 21.Bxf5 Bxf5 22.Qd2 Bd7
23.Rfe1 Qc4 24.a3 g6 25.Qg5 Ba4 26.Ra1 Qc5 27.Qf6 Qd6 28.Rxe8+ Bxe8 29.Qxd6 Rxd6
30.Re1 Kf8 31.Kf2 Rb6 32.Re2 Bb5 33.Nxb5 Rxb5 34.Ke3 Ke7 35.Kd4+ Kd6 36.b4 Rb6
37.Re5 f6 38.Rxd5+ Ke7 39.Kd3 Re6 40.Kd2  1-0

[Event "Polanica Zdroj op"]
[Site "Polanica Zdroj"]
[Date "1993.??.??"]
[Round "3"]
[White "Korneev, Oleg"]
[Black "Jaracz, Pawel"]
[Result "1/2-1/2"]
[WhiteElo "2475"]
[BlackElo "2345"]

1.e4 c5 2.Nf3 e6 3.d4 cxd4 4.Nxd4 a6 5.Bd3 Bc5 6.Nb3 Ba7 7.Nc3 Nc6 8.Qe2 d6
9.Bf4 Nge7 10.O-O O-O 11.Kh1 b5 12.a3 Bb7 13.Rfd1 e5 14.Be3 Nd4 15.Qd2 d5
16.exd5 Nxd5 17.Bxd4 exd4 18.Ne2 Qh4 19.Kg1 Rad8 20.Nbxd4 Nf6 21.g3 Qh3 22.Nf4 Qd7
23.c3 Bxd4 24.cxd4 Qc6 25.d5 Rxd5 26.Nxd5 Qxd5 27.Bxh7+ Kxh7 28.Qc2+ Qe4
29.Rac1 Qxc2 30.Rxc2 Re8 31.h3 Bd5 32.Rcd2 Bc4 33.f3 a5 34.Kf2 a4 35.Re1 Rxe1
36.Kxe1 Nd5 37.Kf2 Kg6 38.f4 f5 39.Kf3 Bb3 40.g4 Kf6 41.g5+ Kf7 42.Kg3 Nb6
43.h4 Nc4 44.Rd5 Kg6 45.Rxb5 Nxb2 46.Rb6+ Kh5 47.Rb7 Kg6  1/2-1/2

[Event "Porz op29"]
[Site "Porz"]
[Date "1993.??.??"]
[Round "3"]
[White "Von Kap herr, Alexander"]
[Black "Miezis, Normunds"]
[Result "0-1"]
[WhiteElo "1985"]
[BlackElo "2410"]

1.e4 c5 2.Nf3 e6 3.d4 cxd4 4.Nxd4 a6 5.Bd3 Nc6 6.Be3 Nf6 7.c4 Bb4+ 8.Nc3 Bxc3+
9.bxc3 Qc7 10.f4 d6 11.O-O e5 12.Nf5 Bxf5 13.exf5 e4 14.Be2 h5 15.Rb1 Ne7
16.Bd4 Kf8 17.Bxf6 gxf6 18.Qd4 Nxf5 19.Qxe4 Qc5+ 20.Rf2 Re8 21.Qd5 Qxd5 22.cxd5 Re7
23.Rb6 Kg7 24.Bd3 Ne3 25.Rxd6 Rc8 26.c4 Nxc4 27.Bxc4 Rxc4 28.g3 Re1+ 29.Kg2 Rd1
30.Rb2 Rcd4 31.Rxb7 R1d2+ 32.Kf3 f5 33.Rb3 Rxa2 34.Ke3 Re4+ 35.Kf3 Rxh2 36.Re3 Ra4
37.Rd7 h4 38.Rb3 h3 39.Ke3 Re4+ 40.Kd3 Re8 41.Rbb7 Rf8 42.Ke3 Ra2 43.Kf3 h2
44.Rb1 Rc8 45.Re7 Rc3+ 46.Re3 Rcc2 47.Rd3 Rg2 48.Rdd1 Rae2  0-1

[Event "Porz Citroen-Cup"]
[Site "Porz"]
[Date "1993.??.??"]
[Round "3"]
[White "Holzke, Frank"]
[Black "Budnikov, Alexandar"]
[Result "0-1"]
[WhiteElo "2375"]
[BlackElo "2535"]

1.e4 c5 2.Nf3 e6 3.d4 cxd4 4.Nxd4 a6 5.Bd3 Qc7 6.O-O Nf6 7.Qe2 d6 8.c4 g6
9.Nc3 Bg7 10.Nf3 Nbd7 11.Rd1 O-O 12.Bf4 Nh5 13.Be3 Rd8 14.Rac1 b6 15.Bb1 Bb7
16.Qd2 Bf8 17.Nd4 Rac8 18.b3 Qb8 19.f3 Re8 20.Qf2 Be7 21.Nde2 Ba8 22.Nf4 Nhf6
23.Bd3 Bc6 24.Be2 Nc5 25.Kh1 Ncd7 26.Rc2 b5 27.cxb5 axb5 28.Rdc1 b4 29.Nb5 Nc5
30.Nd4 Bd7 31.Bc4 e5 32.Nd5 Nxd5 33.exd5 exd4 34.Bxd4 Bf8 35.h4 Qb6 36.h5 Qd8
37.Qg3 Bf5 38.Re2 Rxe2 39.Bxe2 Ne4 40.fxe4 Rxc1+ 41.Kh2 Bxe4 42.Qf4 Rc2 43.Bf6 Be7  0-1

[Event "Porz op29"]
[Site "Porz"]
[Date "1993.??.??"]
[Round "5"]
[White "Tuerk, Philipp"]
[Black "Miezis, Normunds"]
[Result "0-1"]
[WhiteElo "2045"]
[BlackElo "2410"]

1.e4 c5 2.Nf3 e6 3.d4 cxd4 4.Nxd4 a6 5.Bd3 Nc6 6.Be3 Nf6 7.Nc3 Qc7 8.O-O Ne5
9.h3 b5 10.Bf4 d6 11.Qe2 Nxd3 12.cxd3 e5  0-1